000 00415nam a2200157Ia 4500
003 GCL
008 140319s9999 xx 000 0 ara d
040 _aGCL /
_cGCL
082 0 4 _aط
_b813.02
_bر خ
100 1 _aرجاء عبدالله
245 1 0 _aالخادم الالى /
_cرجاء عبدالله
490 _aكتاب
_v0
650 0 4 _aالاطفال
650 0 4 _aقصص الاطفال
942 _2ddc
_cBK
999 _c42410
_d42410